| 000 | 00000nam 2200000za 4500 |
| 001 | 9.694235 |
| 003 | CaOODSP |
| 005 | 20210827082429 |
| 007 | cr ||||||||||| |
| 008 | 150407|2011||||xxc|||||o f|0| 0 eng d |
| 020 | |a978-1-100-17825-7 |
| 040 | |aCaOODSP|beng |
| 043 | |an-cn--- |
| 086 | 1 |aV32-105/2011E-PDF |
| 110 | 1 |aCanada. |bVeterans Affairs Canada. |
| 245 | 10|aCanada remembers - the Korean War |h[electronic resource] |
| 260 | |aOttawa - Ontario : |bVeterans Affairs Canada |cc2011. |
| 300 | |a2p. |
| 590 | |a11-28|b2011-07-15 |
| 775 | 08|tLe Canada se souvient de la Guerre de Corée |w(CaOODSP)9.638411 |
| 776 | 0#|tCanada remembers - the Korean War |w(CaOODSP)9.672763 |
| 776 | 0#|tLe Canada se souvient de la Guerre de Corée |w(CaOODSP)9.672764 |
| 794 | |tCanada remembers the Korean War |w(CaOODSP)9.853851 |
| 795 | |tCanada remembers the Korean War |w(CaOODSP)9.691553 |
| 856 | 40|ahttp://publications.gc.ca|qPDF|s393 KB|uhttps://publications.gc.ca/collections/collection_2011/acc-vac/V32-105-2011-eng.pdf |